LECTURES ON PUBLIC INTREST LAWYERING (Record no. 12822)

MARC details
000 -LEADER
fixed length control field 00328nam a22001457a 4500
003 - CONTROL NUMBER IDENTIFIER
control field SGT
082 ## - DEWEY DECIMAL CLASSIFICATION NUMBER
Classification number 800
Item number L03R
100 ## - MAIN ENTRY--PERSONAL NAME
Personal name RAO,REGA SURYA
245 ## - TITLE STATEMENT
Title LECTURES ON PUBLIC INTREST LAWYERING
250 ## - EDITION STATEMENT
Edition statement 1ST
260 ## - PUBLICATION, DISTRIBUTION, ETC. (IMPRINT)
Place of publication, distribution, etc HYDERABAD
Name of publisher, distributor, etc ASIA LAW HOUSE
Year of Publication 2003
300 ## - PAGE DESCRIPTION
No. of Pages 147
650 ## - SUBJECT ADDED ENTRY--TOPICAL TERM
Topical term or geographic name as entry element MASS COMMUNICATION
942 ## - ADDED ENTRY ELEMENTS (KOHA)
Source of classification or shelving scheme Dewey Decimal Classification
Koha item type Books
Holdings
Withdrawn status Lost status Source of classification or shelving scheme Damaged status Not for loan Collection code Home library Current library Shelving location Date acquired Vendor Name Cost, normal purchase price SGTU Bill Number Total Checkouts Full call number Accession No. (Barcode) Date last seen Date last borrowed Bill Date Koha item type
    Dewey Decimal Classification     MASS COMMUNICATION SGT Science & Social Sciences Library SGT Science & Social Sciences Library On Display 05/08/2017 AHUJA BOOKS PUBLISHER 80.00 SGTU 6770 1 800 L03R MC87 06/02/2018 25/01/2018 19/03/2016 Books